| 000 | 00509nam a22001937a 4500 | ||
|---|---|---|---|
| 003 | OSt | ||
| 005 | 20140310182826.0 | ||
| 008 | 130528t xxu||||| |||| 00| 0 eng d | ||
| 050 |
_aBV 4501 _b.M647 1973 |
||
| 082 |
_aM 248 _bD29 1973 |
||
| 245 |
_aBeyond this God cannot go / _cMiller, Keith |
||
| 260 |
_aGrand Rapids, Mich. _bZondervan Pub. House _c1971 |
||
| 300 |
_a148 p. _c22 cm. |
||
| 521 | _acollege students | ||
| 526 | _c1210L-1700L | ||
| 541 | _j1 | ||
| 562 | _e1 | ||
| 942 |
_2lcc _cBK _kM |
||
| 999 |
_c16504 _d16504 |
||